00571 2200217 4500001002100000005001500021035002000036007000300056008004100059020002200100082001000122084001600132100000900148245005800157260003800215300003200253650002000285520002600305990001100331990001100342INLIS00000000000334520090101024334 a0010-0109000008ta090101 g 0 ind  a978-602-61147-3-0 a371.1 a371.1 SAT p0 aSATI1 aPanduan Lengkap Tes UKG (Uji Kompetensi Guru) /cSati aYogyakarta :bRomawi Press,c2017 a231 hlm. :bilus. ;c22 cm. 4aPENDIDIKAN.GURU aBibliografi: hlm. 231 a6612 a a6612 b